Universal Geniuses - Statistics

General Stats
  • This quiz has been taken 81 times
  • The average score is 8 of 16
Answer Stats
Fields Notable achievement Nationality Answer % Correct
Physics, mechanics, astronomy, mathematics Proposed the laws of gravity English Isaac Newton
97%
Painting, sculpting, anatomy, engineering, ballistics Mona Lisa Italian Leonardo da Vinci
96%
Astronomy, Physics, engineering, writing Forced by the church to recant heliocentrism Italian Galileo Galilei
81%
Natural science, politics, journalism, writing Founding father; inventor of the lightning rod US-American Benjamin Franklin
79%
Philosophy, logic, mathematics, natural science "Cogito, ergo sum" French René Descartes
74%
Politics, architecture, inventing, philosophy Founding father and third US President US-American Thomas Jefferson
74%
Writing in various literary forms, color theory, geology, morphology, philosophy, politics "Faust" German Johann Wolfgang von Goethe
49%
Philosophy, mathematics, physics, inventing, theology Wagered that God exists French Blaise Pascal
43%
Philosophy, law, writing, oratory, politics "Father of the scientific method" English Francis Bacon
41%
Mathematics, philosophy, logic, physics, early psychology Developed modern calculus German Gottfried Wilhelm Leibniz
40%
Medicine, natural science, poetry, theology "Father of Modern Medicine" Persian Avicenna
26%
Philosophy, logic, mathematics, history, writing "Principia Mathematica" English Bertrand Russell
26%
Medicine, theology, natural science, poetry, musicology One of few female Doctors of the Church German Hildegard of Bingen
23%
Literature, music, painting, philosophy Indian national anthem Indian Rabindranath Tagore
21%
Geography, biology, astronomy, ethnology, demographics, philosophy "Kosmos"; exploration of South America German Alexander von Humboldt
11%
Philosophy, medicine, jurisprudence, natural science Comments on Aristotle (Andalusian) Averroes
9%
No matching quizzes found
Score Distribution
Percent of People with Each Score
Percentile by Number Answered
Your Score History
You have not taken this quiz